000 00564nam a2200193 i 4500
001 63747
003 ES-MaACL
005 20230906164946.0
007 t|
008 031216s1915 cu ||||1| spa d
080 _a012 Luz y Caballero, José de la
100 1 _aFigarola-Caneda, Domingo.
_950736
245 1 0 _aBibliografía de Luz y Caballero /
_cDomingo Figarola-Caneda.
250 _a2ª ed.
260 _aHabana :
_bEl Siglo XX,
_c1915.
300 _aXIX, 270 p. ;
_c26 cm.
600 1 4 _aLuz y Caballero, José de la.
_9141890
852 _aES-MaACL
_jF-767
999 _c63747
_d63747